000 01295nab a22002177a 4500
999 _c5492
_d5492
003 OSt
005 20251209120004.0
008 190502c xxu||||| |||| 00| 0 spa d
040 _cPJ
245 1 0 _aLitigios estructurales. Un diálogo entre los casos "Verbitsky" y "Mendoza" de la Corte Suprema de Justicia de la Nación /
_cNazareno Capaccio.
260 _aCiudad Autónoma de Buenos Aires :
_bThomson Reuters La Ley,
_c2025.
300 _ap. 9-18
500 _aCita Online: AR/DOC/1125/2025.
505 _aSumario: I. Introducción.— II. Un litigio estructural para un problema estructural.— III. La modificación de políticas públicas y prácticas institucionales en “Verbitsky”.— IV. El aspecto institucional de los procesos colectivos estructurales.— V. El control judicial en la etapa de ejecución y posculminación.— VI. El control democrático.— VII. Los desafíos a modo de conclusión.
505 _t¿Te interesa el texto completo? Solicitalo al correo: koha@justierradelfuego.gov.ar
650 0 _9343
_aDERECHO PENAL
650 0 _93016
_aPOLÍTICAS PUBLICAS
650 0 _9699
_aFALLOS DE LA CORTE SUPREMA
773 0 _02729
_93180
_dBuenos Aires : LexisNexis, 2006-
_tRevista de derecho penal y procesal penal. Nº 7 - Julio 2025
_z9875920622
942 _2udc
_cANA